000 00309nam a22001337a 4500
008 170825b xxu||||| |||| 00| 0 eng d
020 _a0697008002
041 _aeng
080 _22ND
_a070
100 _a39
101 _aMED
245 _aDYNAMICS OF INTERCULTURAL COMMUNICATION
_cDODD,C.H
942 _2udc
_cBK
999 _c25091
_d25091